000
00266nam a2200109Ia 4500
008
220204s9999 xx 000 0 und d
082
_a
699.877
_b
GOL;1
100
_a
Golde, R H
245
0
_a
Lightning protection
260
_a
London
_b
Edward Arnold
_c
1975
942
_c
BK
999
_c
26458
_d
26458